Najdulje rijeke svijeta - Statistics

General Stats
  • This quiz has been taken 640 times
  • The average score is 5 of 15
Answer Stats
Duljina Kontinent Rijeka % Correct
6650 km Afrika Nil
98%
6575 km Južna Amerika Amazona
81%
6275 km Sjeverna Amerika Mississippi - Missouri
69%
6300 km Azija Jangce (Chang Jiang)
49%
5465 km Azija Žuta rijeka (Huang He)
49%
4700 km Afrika Kongo
38%
4200 km Afrika Niger
27%
5410 km Azija Ob
26%
4350 km Azija Mekong
18%
5540 km Azija Jenisej
17%
4880 km Južna Ameika Rio de la Plata - Paraná
16%
3970 km Azija Brahmaputra
15%
4400 km Azija Lena
15%
4440 km Azija Amur
12%
4240 km Sjeverna Amerika Mackenzie
7%
No matching quizzes found
Score Distribution
Percent of People with Each Score
Percentile by Number Answered
Your Score History
You have not taken this quiz